000 01079nam a22002657a 4500
999 _c64411
_d64411
005 20240530110730.0
008 180322s2016 ua g b 000 0dara d
017 _a2015/16922
_bمصر. دار الكتب
020 _a9789779203928
040 _aEG-CaGPL
_cEG-CaGPL
082 0 4 _221
_a953.0962 /
_bق/ن م
100 0 _aنللى حنا
245 1 0 _aمصر العثمانية والتحولات العالمية ( 1500 - 1800 م ) /
_cتاليف نللى حنا ؛ ترجمة مجدى جرجس
250 _aط.1
260 _aالقاهرة :
_bالمركز القومى للترجمة ،
_c2016.
300 _a227 ص. ؛
_c24 سم.
490 0 _aالمركز القومى للترجمة ؛
_v2805.
504 _aيشتمل على ارجاعات ببليوجرافية
650 0 7 _2qrmak
_aالامبراطورية العثمانية
650 0 7 _2qrmak
_aالعثمانيون
651 0 7 _2qrmak
_aمصر
_xتاريخ
_yالعصر العثمانى
700 0 _aمجدى جرجس
_eمترجم
942 _2ddc
_cBK